000 01349namaa22003251i 4500
005 20260405130325.0
008 260303s1993 ua a|||frm||| 000 0 eng d
040 _aEG-GICUC
_beng
_cEG-GICUC
_dEG-GICUC
_erda
041 0 _aeng
_beng
_bara
049 _aDeposit
097 _aM.Sc
099 _aCai01.12.20.M.Sc.1993.He.N
100 0 _aHekmat Mohamed Hassanain,
_epreparation.
245 1 0 _aNonliNear Optical Properties of semiconductor quantum wells /
_b
_cBy Hekmat Mohamed Hassanain ; Supervised Prof. Lotfia El-Nadi, Prof. S. Abd El-Zaher, Prof. S. Montasser
246 1 5 _aالخواص الضوئية الغير خطية للابار الكمية لاشباه الموصلات
264 0 _c1993.
300 _amulti-number
_billustrations
_c30 cm. +
336 _2rda content
_atext
337 _2rdamedia
_aUnmediated
338 _2rdacarrier
_avolume
502 _aThesis (M.Sc.)-Cairo University, 1993
504 _aBibliography: pages 74-76
653 0 _asemiconductor quantum wells
700 0 _aLotfia El-Nadi
_ethesis advisor.
700 0 _aS. Abd El-zaher
_ethesis advisor.
700 0 _aS. Montasser
_ethesis advisor.
900 _DDepartment of Physics
_FFaculty of National Research Center
_UCairo University
_b1993
_cLotfia El-Nadi
_cS. Abd El-zaher
_cS. Montasser
905 _aNehad
_eNourhan
942 _2ddc
_cTH
_e21
_n0
999 _c178817